000
00372nam a2200145Ia 4500
008
231129s1974||||xx |||||||||||||| ||spa||
020
_a
84-226-9619-X
040
_b
spa
082
_a
F843 G356s
100
_a
Gerard Nicole
245
0
_a
Siete anos de carcel
260
_c
1974
264
_a
Circulo de Lectores
942
_2
ddc
_c
BKS
999
_c
24587
_d
24587